000 00418nam a2200181Ia 4500
003 0100
008 130303s9999 xx 000 0 und d
040 _cARRUPELIB
050 _aDT352.4.H85 1972
100 _aHull, Richard W
245 _aMunyakare
245 _bAfrican civilization before the Batuuree
260 _aNew York
260 _bJohn Wiley & Sons
260 _C1972
300 _a232p
942 0 0 _03
999 _c31926
_d31926